"Grand" US Cities - Statistics

General Stats
  • This quiz has been taken 57 times
  • The average score is 9 of 27
Answer Stats
State Population Answer % Correct
MI 198,401 Grand Rapids
96%
OH 993 Grand Rapids
96%
MN 11,165 Grand Rapids
96%
ND 56,500 Grand Forks
73%
CO 62,062 Grand Junction
69%
TN 392 Grand Junction
69%
IA 763 Grand Junction
69%
TX 192,565 Grand Prairie
67%
NE 51,147 Grand Island
55%
NY 21,047 Grand Island
55%
CO 282 Grand Lake
33%
LA 740 Grand Isle
27%
VT 2,092 Grand Isle
27%
ID 376 Grand View
18%
WA 1,067 Grand Coulee
14%
KY 298 Grand Rivers
14%
MI 10,994 Grand Haven
12%
MI 314 Grand Beach
10%
MN 1,332 Grand Marais
10%
MI 7,905 Grand Blanc
8%
MI 7,842 Grand Ledge
8%
MN 1,125 Grand Meadow
6%
TX 3,115 Grand Saline
4%
CA 12,584 Grand Terrace
4%
LA 821 Grand Coteau
2%
IA 628 Grand Mound
2%
IL 565 Grand Tower
0%
No matching quizzes found
Score Distribution
Percent of People with Each Score
Percentile by Number Answered
Your Score History
You have not taken this quiz